000
00253nam a2200097Ia 4500
001
806632
005
20250826171215.0
008
250824s9999 xx 000 0 und d
245
0
_a
VİCDANLI KAPİTALİZM YOKTUR
_c
UFUK SÖYLEMEZ
260
_b
DESTEK YAYINLARI
999
_c
806632
_d
806632